000 00819nas a2200265 4500
001 BR7801836
003 BR-BrBNA
005 20231205083413.0
007 ta
008 230509b bl.|||p| |||| 00| 00por d
040 _aBR-BrBNA
_bpor
_cBiblioteca Nacional de Agricultura
041 _a(Pt)
072 _aL72
100 1 _aMelo, E.B.F. de
100 1 _aRocha, U.F.
100 1 _aMange, G. de C.
100 1 _aCampos, M.S. de
100 1 _aDell'Porto, A.
245 1 _aLocalizacao do genero Ancylostoma (Dubini, 1843)no tubo gastrointestinal do cao [Canis familiaris, verminose]
650 _aCAO
650 _aVERMINOSE
773 0 _tArquivos do Instituto Biologico (Brazil)
_xISSN 0020-3653
_g(Jan 1977), v. 44(1-2) p. 85-87
_wBR7801836
909 _a202311
_bLúcia
_c55
_dLúcia Elande
942 _2AGRIS
_n0
_cANA
999 _c98525
_d98525